| 000 | 01862nam a2200241Ia 4500 | ||
|---|---|---|---|
| 008 | 130821s1726 sp a gr spa | ||
| 040 |
_aCo-BoUCM _bspa |
||
| 041 | 0 | _aspa | |
| 092 | _aE19N046 | ||
| 100 | 1 | _aArredondo, Antonio Joseph | |
| 245 | 1 | 0 |
_aCura de Dios y pastor de Jesu-Christo _bideado de la Sagrada Escritura, mayormente el Evangelio, Santos Padres y Doctores de la Iglesia ... _cpor el doctor D. Antonio Joseph de Arredondo _pSegunda parte |
| 260 |
_aMadrid (España) _bPor Alonso Balvas _c1726 |
||
| 300 |
_a[54], 524, [20] páginas _bilustraciones |
||
| 500 | _aDetalles físicos: Encuadernación flexible en pergamino con bordes rasgados y piel algo manchada, conserva uno de sus cierres. Guardas en papel con texto impreso, conserva anteportada y portada impresa a una sola tinta con una orla decorativa. Texto impreso en una sola columna con notas al margen. Algunos elementos decorativos. Dedicatoria a San Ibon, a Diego de Artoga y Cespedes, arzobispo de Toledo. Licencia. Aprobación. Fe de erratas y tasación. Primeras hojas rasadas. Papel muy manchado. En tasa anotación manuscrita, otra en la anteportada, y sellos de tinta en portada. | ||
| 504 | _aIncluye índice. | ||
| 505 | 0 | _aLibro primero de el (sic) acierto sagrado de un cura á sus feligreses en el templo de Dios, y aprecios de sus ministros. ; Libro segundo de el (sic) acierto de un Cura á sus feligreses en la casa de Dios, empleo de sus caudales, acuerdos, y castigos de su iglesia. ; Libro tercero de el (sic) acierto económico de un cura a sus feligreses en su propia casa, consigo, con los suyos, y con todos | |
| 506 | _aConsulta en sala. | ||
| 650 | 0 | 4 |
_aReligión _923497 |
| 650 | 0 | 4 |
_aTeología pastoral _xObras anteriores a 1700 _925238 |
| 700 | 1 |
_aBalvas, Alonso _eimpr. |
|
| 942 |
_cLIBRO _a4 _e1 _2DEWEY _h241.3 |
||
| 999 |
_c36652 _d36652 |
||